Land vs. Land #143 - Statistiken

Allgemein
  • Dieses Quiz wurde 11 mal gespielt
  • Das Durchschnittsergebnis liegt bei 12 aus 14
Antwortstatistiken
Frage Antwort % Korrekt
...Fläche? Ägypten🇪🇬
100%
...Einwohner? Ägypten🇪🇬
100%
...Militär? Ägypten🇪🇬
100%
...Tourismus? Ägypten🇪🇬
100%
...Bruttoinlandsprodukt pro Kopf? Neuseeland🇳🇿
100%
...Happy Planet Index? Neuseeland🇳🇿
100%
...Frieden? Neuseeland🇳🇿
100%
...Lebenserwartung? Neuseeland🇳🇿
100%
...Gesundheitswesen? Neuseeland🇳🇿
89%
...Bruttoinlandsprodukt? Ägypten🇪🇬
78%
...durchschnittlicher IQ? Neuseeland🇳🇿
78%
...HDI (Human Development Index)? Neuseeland🇳🇿
67%
...Gewinner? Neuseeland🇳🇿
56%
...Exportmengen? Neuseeland🇳🇿
11%
Keine übereinstimmenden Quizze gefunden
Verteilung der Resultate
Anzahl Personen mit jedem Resultat
Perzentil nach korrekt beantworteten Fragen
Ihre Resultats-Entwicklung
Sie haben dieses Quiz noch nicht gespielt